| 000 | 00604nam a2200193 a 4500 | ||
|---|---|---|---|
| 005 | 20140412111300.0 | ||
| 008 | 000831s19uu xx 00 eng d | ||
| 020 | _a0-15-331240-8 | ||
| 050 |
_aBB _bLi778 1989 |
||
| 100 | _aPeck, Pauline C. | ||
| 245 |
_aLittle duck learns to swim / _cBy Pauline C. Peck ; illustrated by Dorothy Stott. |
||
| 260 |
_aOrlando, Florida : _bHarcourt Brace Jovanovich, Inc, _c1989. |
||
| 300 | _a8 p. ; ill. | ||
| 440 | _aHBJ Reading Program | ||
| 500 | _aIllustrated picture book | ||
| 650 | _aDucks stories-Fiction | ||
| 650 | _aChildrens stories | ||
| 999 |
_c103331 _d103331 |
||